[Event "?"]
[Site "masterchessopen.com Nova Park (Switzerland)"]
[Round "0"]
[White "Kurajica Bojan (CRO)"]
[Black "Silva Ceu (POR)"]
[Result "1-0"]
[WhiteElo "2524"]
[BlackElo "2006"]

1.d4 d5 2.Nf3 Nf6 3.c4 e6 4.g3 Bb4+ 5.Bd2 Be7 6.Bg2 dxc4 7.Qa4+ Bd7 8.Qxc4 Bc6
9.O-O O-O 10.Nc3 Nbd7 11.Rac1 Rc8 12.Rfd1 Ne4 13.Qd3 Nxc3 14.Bxc3 Nf6 15.a3
Be4 16.Qd2 Nd5 17.Ne5 Bxg2 18.Kxg2 f6 19.Nd3 f5 20.e3 g5 21.Qe2 Nf6 22.f3 g4
23.Nf4 Qd7 24.fxg4 Nxg4 25.d5 exd5 26.Rxd5 Bd6 27.e4 Rce8 28.Qxg4+ {#r} 1-0

[Event "?"]
[Site "masterchessopen.com Calcutta (India)"]
[Round "-53"]
[White "Murugan Krishnamoorthy (IND)"]
[Black "Murshed Niaz (BAN)"]
[Result "0-1"]
[WhiteElo "2325"]
[BlackElo "2475"]

1.Nf3 d5 2.d4 Nf6 3.c4 e6 4.g3 Bb4+ 5.Bd2 Be7 6.Bg2 Nc6 7.O-O O-O 8.Qc2 Ne4
9.Rd1 Bd7 10.Be1 f5 11.Nc3 Nb4 12.Qb1 c6 13.a3 Na6 14.Ne5 Nd6 15.Qa2 Kh8
16.Nb1 Be8 17.Nd2 Bf6 18.Ndf3 Bh5 19.b3 Qe7 20.Rac1 g5 21.Bc3 Qg7 22.Nd3 Bxf3
23.Bxf3 Ne4 24.e3 Nxc3 25.Rxc3 f4 26.Ne1 fxe3 27.fxe3 e5 28.dxe5 Bxe5 29.Rc2
d4 30.exd4 Bxd4+ 31.Kh1 Nc5 32.b4 Ne4 33.Rdc1 g4 34.Be2 {#R} 0-1

[Event "Bayern Oberliga"]
[Site "masterchessopen.com Germany"]
[Round "6"]
[White "Keller Manfred (GER)"]
[Black "Lichtenstern Christoph (GER)"]
[Result "0-1"]
[WhiteElo "2198"]
[BlackElo "2212"]

1.d4 d5 2.Nf3 Nf6 3.c4 e6 4.g3 Bb4+ 5.Bd2 Bxd2+ 6.Nbxd2 O-O 7.Bg2 c6 8.O-O
Nbd7 9.Qc2 b5 10.cxd5 cxd5 11.Rfc1 Nb6 12.Ne5 Bd7 13.Qc7 Nc4 14.Qxd8 Rfxd8
15.Ndxc4 bxc4 16.b3 cxb3 17.axb3 Be8 18.f3 Rdb8 19.Ra3 Rb4 20.Nd3 Rb6 21.Kf2
Bb5 22.Ne5 Ne8 23.Bh3 Kf8 24.Rc5 Ke7 25.Ke3 f6 26.Nd3 Kd6 27.f4 Nc7 28.Rc1
Bxd3 29.Kxd3 a6 30.e3 Rab8 31.Rb1 h5 32.Bf1 Nb5 33.Raa1 e5 34.fxe5+ fxe5
35.Kd2 exd4 36.Bxb5 dxe3+ 37.Kxe3 axb5 38.Ra7 R8b7 39.Ra8 Re7+ 40.Kd3 Re4
41.Rg8 Rb7 42.Rd8+ Rd7 43.Rxd7+ Kxd7 44.Ra1 Kd6 45.Ra8 Rg4 46.Rf8 Kc5 47.Rf3
g6 48.Kc3 d4+ 49.Kd3 h4 50.gxh4 Rxh4 51.Rg3 Kb4 52.Rg5 Rxh2 53.Kxd4 Rd2+
54.Ke3 Rd6 55.Ke2 Rb6 56.Rg3 Ka3 57.Kd2 Rc6 58.Kd1 b4 59.Kd2 Kb2 60.Kd1 Rd6+
61.Ke2 Kc2 62.Ke1 Re6+ 63.Kf2 g5 64.Kf1 Re4 65.Kf2 g4 66.Kf1 Kd2 67.Rg2+ Kd1
68.Rg3 Rf4+ 69.Kg2 Kc2 70.Kg1 Rf3 71.Rxg4 Kxb3 72.Kg2 Rf8 73.Rg7 {#R} 0-1

[Event "Bayern Oberliga"]
[Site "masterchessopen.com Germany"]
[Round "6"]
[White "Jauernig Udo (GER)"]
[Black "Meier Gerd (GER)"]
[Result "1-0"]
[WhiteElo "2265"]
[BlackElo "1946"]

1.d4 Nf6 2.c4 e6 3.g3 d5 4.Nf3 Bb4+ 5.Bd2 Be7 6.Bg2 b6 7.O-O O-O 8.Nc3 Ba6
9.Ne5 c6 10.Bf4 Nfd7 11.cxd5 cxd5 12.Nxd5 exd5 13.Bxd5 Nxe5 14.Bxa8 Nbc6
15.Bxc6 Nxc6 16.d5 Na5 17.Rc1 Bf6 18.b4 Nb7 19.Re1 Nd6 20.Qa4 Bb7 21.Qxa7 Bxd5
22.Red1 Ne4 23.Bc7 Qd7 24.Bxb6 Qxa7 25.Bxa7 Bxa2 26.Rd3 Be6 27.f3 Ng5 28.b5
Bc8 29.b6 Ne6 30.Rxc8 Rxc8 31.b7 Re8 32.b8=Q Bd4+ 33.e3 Rxb8 34.Bxb8 Bf6
35.Bd6 h5 36.e4 g6 37.Ba3 Kg7 38.Rd7 Bd4+ 39.Kg2 Kf6 40.Rxd4 Nxd4 41.Bb2 Ke5
42.Kf2 f5 43.Ke3 {#r} 1-0

[Event "Bayern Oberliga 1994/95"]
[Site "masterchessopen.com Germany"]
[Round "0"]
[White "Enigl Karl (AUT)"]
[Black "Wenzel Johannes (GER)"]
[Result "0-1"]
[WhiteElo "2100"]
[BlackElo "2133"]

1.c4 Nf6 2.Nf3 e6 3.g3 d5 4.d4 Bb4+ 5.Bd2 Be7 6.Bg2 O-O 7.Qc2 c6 8.O-O Nbd7
9.Bg5 h6 10.Bxf6 Nxf6 11.Nbd2 b6 12.Ne5 Bb7 13.cxd5 cxd5 14.Rac1 Bd6 15.Ndf3
Qe8 16.Qb3 Ne4 17.Rc2 f6 18.Ng4 h5 19.Ne3 Bc6 20.Qd3 Bb5 21.Qd1 g5 22.Nd2 f5
23.Nxe4 fxe4 24.b3 Qg6 25.a4 Bd7 26.Qd2 Rf7 27.Nd1 Raf8 28.e3 h4 29.Nc3 Qh6
30.Qe2 Rh7 31.g4 h3 32.Bh1 Rhf7 33.Rcc1 Qh4 34.f3 exf3 35.Bxf3 Bb4 36.Nb5 Rxf3
37.Rxf3 Qxg4+ {#R} 0-1

[Event "Bayern Regionalliga Northeast 2006/07"]
[Site "masterchessopen.com Bayern (Germany)"]
[Date "2006.10.15"]
[Round "1"]
[White "Meulner Klaus (GER)"]
[Black "Roesch Otto"]
[Result "1-0"]
[WhiteElo "2222"]
[BlackElo "1899"]

1.d4 d5 2.Nf3 Nf6 3.c4 e6 4.g3 Bb4+ 5.Bd2 Be7 6.Bg2 Ne4 7.O-O Nxd2 8.Nbxd2 O-O
9.Qc2 Nd7 10.Rac1 c6 11.e4 dxe4 12.Nxe4 h6 13.Rfd1 Nf6 14.Ne5 Nd7 15.Qc3 f5
16.Nxd7 Qxd7 17.Nc5 Qd6 18.Nd3 Bf6 19.Ne5 c5 20.f4 cxd4 21.Qxd4 Qxd4+ 22.Rxd4
Rd8 23.Rxd8+ Bxd8 24.c5 Bc7 25.b4 Kf8 26.Rd1 Ke8 27.a4 a6 28.Nc4 Rb8 29.Nd6+
Bxd6 30.Rxd6 Ke7 31.Rb6 Kd8 32.a5 Kc7 33.Kf2 Bd7 34.Rd6 Rd8 35.Ke3 Bc8 36.Rxd8
Kxd8 37.Kd4 Kc7 38.Bf1 Kd7 39.b5 axb5 40.Bxb5+ Ke7 41.Ke5 Bd7 42.Bc4 Bc8 43.c6
bxc6 44.a6 g6 45.a7 Bb7 46.Bxe6 Ba8 47.h4 h5 48.Bc4 Bb7 49.Kd4 Kd6 50.Bf7 c5+
51.Kc4 Ba6+ 52.Kc3 Bb7 53.Bxg6 Kc6 54.Bxh5 Kb6 55.Bg6 Kxa7 56.h5 {#r} 1-0

[Event "Bayern Regionalliga Northwest 2006/07"]
[Site "masterchessopen.com Bayern (Germany)"]
[Date "2006.12.10"]
[Round "4"]
[White "Kwossek Georg (GER)"]
[Black "Seeger Werner (GER)"]
[Result "0-1"]
[WhiteElo "2038"]
[BlackElo "2246"]

1.d4 d5 2.c4 e6 3.Nf3 Nf6 4.g3 Bb4+ 5.Bd2 Be7 6.Bg2 O-O 7.Qc2 b6 8.O-O Bb7
9.cxd5 exd5 10.Bf4 c6 11.Nbd2 Nbd7 12.Rac1 Re8 13.Ne5 Nxe5 14.dxe5 Nd7 15.Bh3
Nf8 16.Nf3 c5 17.Bf5 g6 18.Bh3 Bc8 19.Bg2 Ne6 20.Bh6 Bb7 21.Rfd1 Qc7 22.b4 Qd7
23.bxc5 bxc5 24.Bh3 Bc6 25.Qd2 Qc7 26.Bxe6 fxe6 27.Qf4 Bf8 28.Bg5 Rab8 29.Rb1
d4 30.Bf6 Rxb1 31.Rxb1 Rb8 32.Rxb8 Qxb8 33.Qg4 Qb1+ 34.Kg2 Qf5 35.Qh4 d3 36.g4
Qf4 37.Qg3 Qxg3+ 38.Kxg3 Bxf3 {#R} 0-1

[Event "Bayern Regionalliga Northwest 2007/08"]
[Site "masterchessopen.com Bayern (Germany)"]
[Date "2008.02.17"]
[Round "6"]
[White "Fuks Boris"]
[Black "Schell Walter (GER)"]
[Result "1-0"]
[WhiteElo "2119"]
[BlackElo "2150"]

1.d4 Nf6 2.c4 e6 3.Nf3 d5 4.g3 Bb4+ 5.Bd2 Be7 6.Bg2 O-O 7.O-O Nbd7 8.Qc2 c6
9.Nc3 b6 10.Rfd1 Bb7 11.cxd5 cxd5 12.Qa4 a6 13.Rac1 Rc8 14.Bf4 Nh5 15.a3 Nxf4
16.gxf4 Rc4 17.Qb3 Qb8 18.e3 Rfc8 19.Bf1 R4c7 20.Ne5 Nf6 21.Qxb6 Ne4 22.Qb3 a5
23.Bd3 Qa8 24.Rc2 Nxc3 25.Rxc3 Rxc3 26.bxc3 f6 27.Qb6 Bc6 28.Nxc6 Rxc6 29.Qb3
a4 30.Qb2 Qc8 31.Rc1 Qc7 32.Qc2 Bxa3 33.Bxh7+ Kf8 34.Ra1 Rxc3 35.Qxa4 Rc1+
36.Rxc1 Bxc1 37.Bg6 Ke7 38.Qe8+ Kd6 39.f5 Qd7 40.Qf8+ Qe7 41.Qb8+ Kd7 42.Qb7+
Kd6 43.Qc8 Ba3 44.Be8 {#r} 1-0

[Event "Bundesliga 2007/08 (w)"]
[Site "masterchessopen.com Germany"]
[Date "2008.01.13"]
[Round "5"]
[White "Vasilevich Tatjana (UKR)"]
[Black "Endress Anna (GER)"]
[Result "1-0"]
[WhiteElo "2368"]
[BlackElo "2067"]

1.d4 d5 2.c4 e6 3.Nf3 Nf6 4.g3 Bb4+ 5.Bd2 Be7 6.Nc3 O-O 7.Bg2 c5 8.cxd5 Nxd5
9.Nxd5 Qxd5 10.dxc5 Qxc5 11.O-O Nc6 12.Rc1 Qb6 13.Qc2 h6 14.Rfd1 e5 15.Bc3 Bf6
16.Nd2 Be6 17.b3 g6 18.Qb2 Nd4 19.Ne4 Bg7 20.e3 Bg4 21.exd4 Bxd1 22.Rxd1 exd4
23.Be1 Rfe8 24.b4 Rad8 25.Nc5 Re7 26.Qb3 Rde8 27.Bd2 a5 28.Na4 Qf6 29.bxa5 Re2
30.Bf3 R2e3 31.Bxe3 dxe3 32.Qxb7 exf2+ 33.Kxf2 Qe5 34.Qb6 Bf6 35.a6 Bg5 36.Kg2
Qf5 37.Qc5 Qe6 38.Nc3 Qxa6 39.a4 Re3 40.Qd4 Qe6 41.Bd5 Qf5 42.Rf1 Qc2+ 43.Rf2
Qxc3 44.Bxf7+ Kh7 45.Bg8+ Kxg8 46.Qd5+ Kh8 47.Rf8+ {#r} 1-0

[Event "Bundesliga 2008/09 (w)"]
[Site "masterchessopen.com Germany"]
[Date "2009.01.24"]
[Round "6"]
[White "Zatonskih Anna (USA)"]
[Black "Mai Iris (GER)"]
[Result "1-0"]
[WhiteElo "2466"]
[BlackElo "2146"]

1.d4 d5 2.c4 e6 3.Nf3 Nf6 4.g3 Bb4+ 5.Bd2 Bxd2+ 6.Nbxd2 O-O 7.Bg2 c6 8.O-O
Nbd7 9.Qc2 Qe7 10.e4 dxe4 11.Nxe4 a5 12.Nxf6+ Nxf6 13.c5 Rd8 14.Rad1 Bd7
15.Ne5 Be8 16.Rfe1 Nd5 17.Nc4 Qf6 18.a3 g6 19.Qd2 a4 20.Be4 Ra7 21.f4 Nc7
22.Ne5 Nb5 23.Qb4 h5 24.h4 Qe7 25.Qc4 Kg7 26.Bc2 f6 27.Nf3 Bf7 28.Qb4 Rda8
29.d5 cxd5 30.Qxb5 Ra5 31.Qe2 Qxc5+ 32.Nd4 R5a6 33.Qf2 Rc8 34.Rd2 b5 35.Bd3
Rb6 36.Rc2 Qf8 37.Rxc8 Qxc8 38.Nf5+ {#r} 1-0

[Event "Bundesliga 2009/10"]
[Site "masterchessopen.com Austria"]
[Date "2009.11.06"]
[Round "1"]
[White "Tabernig Bernhard (AUT)"]
[Black "Shengelia Davit (AUT)"]
[Result "0-1"]
[WhiteElo "2323"]
[BlackElo "2586"]

1.d4 Nf6 2.c4 e6 3.Nf3 d5 4.g3 Bb4+ 5.Bd2 Be7 6.Bg2 O-O 7.O-O b6 8.Ne5 Bb7
9.Nc3 Nbd7 10.Bg5 h6 11.Nxd7 Qxd7 12.Bxf6 Bxf6 13.cxd5 exd5 14.e3 Rfd8 15.Qh5
a5 16.Rfd1 a4 17.a3 Ra5 18.Rac1 c6 19.Rd2 c5 20.Ne2 c4 21.Nc3 Be7 22.Qd1 b5
23.Na2 Bd6 24.Nb4 Bxb4 25.axb4 Ra6 26.Qc2 a3 27.Ra1 a2 28.b3 Rda8 29.bxc4 bxc4
30.e4 Qb5 31.exd5 Qxb4 32.Qb2 Qa5 33.Re2 Bxd5 34.Bxd5 Qxd5 35.Re5 Qf3 36.Re3
Qc6 37.Qc2 Qb5 38.Kg2 Qd5+ 39.Qe4 Qxe4+ 40.Rxe4 Re6 41.Kf3 Rxe4 42.Kxe4 Kf8
43.d5 c3 44.Kd3 Ra3 {#R} 0-1

[Event "Bundesliga B East 2011/12"]
[Site "masterchessopen.com Austria"]
[Date "2012.03.17"]
[Round "8"]
[White "Lipka Juraj (SVK)"]
[Black "Papp Gabor (HUN)"]
[Result "1-0"]
[WhiteElo "2443"]
[BlackElo "2551"]

1.Nf3 d5 2.d4 Nf6 3.c4 e6 4.g3 Bb4+ 5.Bd2 Be7 6.Bg2 c6 7.Qc2 O-O 8.O-O Nbd7
9.Bf4 a5 10.Rd1 Nh5 11.Bc1 b5 12.cxb5 cxb5 13.Ne5 Bb7 14.e4 dxe4 15.Nc3 Nhf6
16.Nxb5 Rc8 17.Nc3 Bb4 18.a3 Bxc3 19.bxc3 Qc7 20.Nxd7 Nxd7 21.Bxe4 Bxe4
22.Qxe4 Qxc3 23.Bd2 Qc4 24.Rdc1 Qa6 25.a4 Nf6 26.Qe1 Rxc1 27.Rxc1 Rd8 28.Bxa5
Rd5 29.Qc3 g5 30.Qc8+ Qxc8 31.Rxc8+ Kg7 32.Rc5 Rxd4 33.Rxg5+ Kh6 34.h4 Ne4
35.Rg8 Rxa4 36.Bb6 Kh5 37.Kg2 f5 38.Be3 e5 39.Re8 Ra5 40.Re6 f4 41.Kh3 Ng5+
42.hxg5 Ra3 43.g6 fxe3 44.gxh7 Ra8 45.Rxe5+ Kg6 46.Rxe3 Kxh7 47.g4 Kg6 48.Kg3
Ra1 49.Re6+ {#r} 1-0

[Event "Ch Arab Cities"]
[Site "masterchessopen.com Beirut (Lebanon)"]
[Date "2007.04.08"]
[Round "1"]
[White "Ibrahim Hatim (EGY)"]
[Black "Malkawi Fadi (JOR)"]
[Result "1-0"]
[WhiteElo "2280"]
[BlackElo "2124"]

1.d4 Nf6 2.c4 e6 3.Nf3 d5 4.g3 Bb4+ 5.Bd2 Bxd2+ 6.Nbxd2 O-O 7.Bg2 Nbd7 8.O-O
c5 9.cxd5 Nxd5 10.e4 Ne7 11.Nc4 b5 12.Nd6 Qb6 13.e5 Rb8 14.Re1 Ng6 15.Nxc8
Rbxc8 16.d5 exd5 17.Qxd5 Qc6 18.Qxc6 Rxc6 19.Ng5 Rb6 20.f4 h6 21.Ne4 c4
22.Rad1 Nb8 23.Nd6 Ne7 24.f5 Nbc6 25.f6 Ng6 26.e6 fxe6 27.fxg7 Kxg7 28.Rxe6
Nge5 29.Be4 Rbb8 30.Nf5+ Kh8 31.Nxh6 Rbe8 32.Rdd6 Rxe6 33.Rxe6 Kg7 34.Nf5+ Kh7
35.h4 Rd8 36.h5 Rd1+ 37.Kg2 Ng4 38.Rg6 Rd2+ 39.Kh3 {#r} 1-0

[Event "Ch Argentina (1/2 final)"]
[Site "masterchessopen.com Buenos Aires (Argentina)"]
[Date "2006.03.25"]
[Round "6"]
[White "Perelman Hernan (ARG)"]
[Black "De Dovitiis Alejo (ARG)"]
[Result "0-1"]
[WhiteElo "2296"]
[BlackElo "2356"]

1.d4 Nf6 2.c4 e6 3.g3 d5 4.Nf3 c6 5.Bg2 Bb4+ 6.Bd2 Be7 7.Qb3 O-O 8.Nc3 dxc4
9.Qxc4 b5 10.Qb3 Bb7 11.O-O a6 12.Rfd1 c5 13.dxc5 Nbd7 14.Be3 Qc7 15.Rac1 Nxc5
16.Qc2 Rac8 17.Qb1 Qb8 18.Qa1 Ng4 19.Bf4 Qa7 20.Rf1 b4 21.Nd1 Ne4 22.Ne5 Nxe5
23.Bxe4 Bxe4 24.Bxe5 Bg5 25.Bf4 Bxf4 26.gxf4 Qb8 27.f3 Bf5 28.e3 e5 29.fxe5
Qxe5 30.Rf2 Bh3 31.Kh1 Rfd8 32.b3 Qg5 33.Qb2 Qd5 {#R} 0-1

[Event "Ch Armenia"]
[Site "masterchessopen.com Yerevan (Armenia)"]
[Date "2008.01.14"]
[Round "7"]
[White "Yegiazarian Arsen (ARM)"]
[Black "Pashikian Arman (ARM)"]
[Result "0-1"]
[WhiteElo "2491"]
[BlackElo "2611"]

{ Pashikian Arman (ARM) +1 =1 -0 } 1.Nf3 d5 2.d4 Nf6 3.c4 e6 4.g3 Bb4+ 5.Bd2
Be7 6.Bg2 c6 7.Qb3 { ?/= } 7...Nbd7 ( 7...b6 8.Nc3 Ba6 9.cxd5 cxd5 10.Rc1 O-O
11.O-O Bb7 12.Nb5 Nc6 13.Ne5 Nxe5 14.dxe5 Nd7 15.Qe3 Bc5 16.Qf4 a5 17.Bc3 Ba6
18.a4 Bxb5 19.axb5 Qe7 20.Rcd1 Rac8 21.e4 d4 22.Bxd4 Bxd4 23.Rxd4 Rc5 24.Qd2
Nxe5 25.f4 Ng6 26.Qd3 Rfc8 27.Rd7 { ...0-1, Filippov Valerij 2616 - Mitkov
Nikola 2534 , Las Vegas 2002 It "North American Open" } ) ( 7...O-O 8.O-O b6
9.Rc1 Ba6 10.cxd5 cxd5 11.Ne5 Bxe2 12.Nc3 Ba6 13.Bg5 Bb7 14.Nb5 Na6 15.a3 Ne4
16.Bf4 Bg5 17.Qe3 Bxf4 18.Qxf4 Nd6 19.Nc6 Bxc6 20.Nxd6 Nb8 21.a4 a6 22.b4 Qd7
23.Rab1 Rd8 24.b5 Qxd6 25.bxc6 Nxc6 26.Qd2 Rab8 27.Rc3 { ...0-1, Chabanon
Jean-Luc 2431 - Horvath Jozsef_ 2508 , Paris 2003 It (cat.8) } ) 8.O-O ( 8.Bf4
O-O 9.O-O b6 10.Nc3 Ba6 11.cxd5 Nxd5 12.Qa4 Nxf4 13.gxf4 Bb7 14.Rfd1 Qc7 15.e3
Rac8 16.Rac1 Qb8 17.Ne5 Nxe5 18.dxe5 Rc7 19.Rd2 a6 20.Qb3 b5 21.a4 c5 22.axb5
Bxg2 23.Kxg2 Qb7+ 24.Kg1 c4 25.Qa4 axb5 26.Qxb5 Qf3 27.Ne2 h5 { ...1-0,
Khalifman Alexander 2669 - Alekseev Evgeny 2604 , St. Petersburg 5.2004 Ch
Russia (qual) } ) 8...O-O ( 8...Nb6 9.Ba5 dxc4 10.Qc2 Qd5 11.Bxb6 axb6 12.Ne5
Qxd4 13.Nxc6 Qc5 14.Nxe7 Kxe7 15.Nd2 b5 16.Rfd1 Ra6 17.b3 Rd6 18.Ne4 Nxe4
19.Qxe4 Rhd8 20.Rxd6 Rxd6 21.Qxh7 c3 22.Be4 Rd2 23.b4 Qe5 24.Re1 Rxa2 25.Rd1
Rxe2 26.Qg8 Rd2 27.Rc1 Bd7 28.Qh7 { ...0-1, Ippolito Dean 2390 - Schlosser
Philipp 2550 , Groningen 1997 It (open) } ) ( 8...a5 9.Nc3 O-O 10.Rfd1 h6
11.cxd5 exd5 12.Qc2 Bd6 13.Nh4 Re8 14.Nf5 Bf8 15.h3 Nb6 16.g4 Nc4 17.Bf4 Bxf5
18.gxf5 Nh5 19.Bc1 Nd6 20.f3 Be7 21.e4 Bg5 22.b3 Bxc1 23.Raxc1 Qg5 24.Re1 Nf4
25.Kh2 Re7 26.f6 Qxf6 27.e5 Qf5 28.Ne4 { ...0-1, Asanov Bolat 2449 - Kunte
Abhijit 2553 , Kish 4. 2.2005 It (cat.9) } ) 9.Bb4 ( 9.Bf4 a5 10.Rc1 a4 11.Qc2
c5 12.dxc5 Bxc5 13.cxd5 exd5 14.Nc3 a3 15.bxa3 Bxa3 16.Rd1 Nb6 17.Be5 Be6
18.Ng5 g6 19.Bd4 Bf5 20.Qb3 Nfd7 21.e4 Bg4 22.Nf3 Nc5 23.Qb5 Rc8 24.Rab1 Nc4
25.Nxd5 Nxe4 26.Qxb7 Ncd6 27.Ne7+ { 1-0, Grischuk Alexander 2704 - Landa
Konstantin 2571 , Internet 14. 4.2004 It (blitz) ACP (Prelim3) } ) 9...b6 (
9...Bxb4 10.Qxb4 a5 11.Qb3 b5 12.c5 b4 13.Nbd2 Ba6 14.Rfe1 Qc7 15.e4 dxe4
16.Nxe4 Nxe4 17.Rxe4 Nf6 18.Ree1 Bb5 19.Ne5 Rad8 20.Bxc6 Bxc6 21.Nxc6 Qxc6 {
0-1, Bareev Evgeny 2729 - Shirov Alexei 2723 , Monaco 2002 It "Melody Amber"
(blindfold) } ) 10.Bxe7 Qxe7 11.Nc3 ( 11.Nbd2 Bb7 12.Rac1 c5 13.Qa3 Rfe8
14.Rfd1 e5 15.dxc5 e4 16.c6 Qxa3 17.bxa3 Bxc6 18.Nd4 Ba4 19.N2b3 Rad8 20.cxd5
Nxd5 21.Nc6 Bxc6 22.Rxc6 Ne5 23.Rcc1 f5 24.Nd4 g6 25.Bf1 Nf6 26.h3 Rd6 27.Nb5
{ 1/2-1/2, Romanishin Oleg M 2575 - Jussupow Artur 2633 , Essen 2001 It
(cat.15) } ) 11...Bb7 { +0.15 CAP } ( 11...a5 12.Rfc1 Ba6 13.cxd5 cxd5 14.e3
Bc4 15.Qd1 Rac8 16.Nd2 Ba6 17.a3 Rc7 18.Bf1 Bxf1 19.Qxf1 Rfc8 20.Nb5 Rxc1
21.Rxc1 Qd8 22.Na7 Ra8 23.Qa6 Qb8 24.Qc8+ Qxc8 25.Nxc8 Kf8 26.Rc6 Rb8 27.Nb1
Ng8 28.Rc7 Ke8 29.Nd6+ Kd8 30.Ra7 f6 31.Nc3 { ...1-0, Romanishin Oleg M 2575 -
Mitkov Nikola 2514 , Leon 2001 Ch Europe (team) } ) 12.Rfe1 { N } ( 12.cxd5
Nxd5 13.Nxd5 cxd5 14.Rfc1 Rfc8 15.e3 Qd8 16.Bf1 Nf6 17.Qa3 Ne4 18.Ba6 Bxa6
19.Qxa6 Rc7 20.a4 Rac8 21.Rxc7 Rxc7 22.a5 bxa5 23.Qxa5 g6 24.Kg2 Qb8 25.Nd2
Nd6 26.b3 Kg7 27.Ra2 h5 28.h4 Qc8 29.Nf3 Qb7 30.Ng5 Qb6 31.Qxb6 axb6 {
...1/2-1/2, Cvitan Ognjen 2532 - Vasquez Rodrigo 2546 , Calvia 26.10.2004
Olympiad } ) ( 12.c5 Rab8 13.Qa3 bxc5 14.Na4 Ba6 15.Rfe1 Bb5 16.Nxc5 Nxc5
17.Rac1 Nfe4 18.dxc5 e5 19.Qa5 Rfe8 20.Nh4 Nxc5 21.Nf5 Qg5 22.Qxa7 Nb3 23.Nd6
Nxc1 24.Qxf7+ Kh8 25.Nxe8 h5 26.f4 exf4 27.gxf4 Qg4 28.Rxc1 Bxe2 29.Qf8+ Kh7
30.Nf6+ gxf6 31.Qxb8 Bf3 { ...1-0, Jirka Jiri 2330 - Pedersen Nicolai
Vesterbaek 2441 , Olomouc 2001 It "Valoz Cup" (cat.4) } ) ( 12.Rac1 Rac8
13.Rfd1 dxc4 14.Qxc4 c5 15.Ne1 Bxg2 16.Nxg2 cxd4 { 1/2-1/2, Andersson Ulf 2580
- Jussupow Artur 2583 , Germany 2003 Bundesliga 2002/03 } ) 12...Rfd8 13.Rad1
dxc4 14.Qxc4 c5 15.Qa4 cxd4 16.Rxd4 e5 17.Rdd1 Nc5 18.Rxd8+ Rxd8 19.Qxa7 e4
20.Nh4 Qe6 21.Rd1 Ra8 22.Qxa8+ Bxa8 23.Rd8+ Ne8 24.Bh3 Qe5 25.Rxa8 g6 26.Ng2
Kg7 27.Ne3 Nf6 28.Rd8 h5 { ?! } ( 28...b5 { !? } 29.Bg2 b4 30.Nc4 Qe7 { } )
29.Rd2 h4 30.Nc4 Qh5 31.Bg2 hxg3 32.hxg3 Ng4 33.Nd5 { ?! } ( 33.e3 { !? }
33...f5 34.Nxb6 Qh2+ 35.Kf1 Ne5 36.Ne2 Nf3 37.Rd5 Nd3 38.Rd7+ Kf6 39.Rd6+ Ke7
{ } ) 33...e3 34.Ncxe3 Ne4 35.Rd4 Nexf2 36.Nf1 Nh3+ 37.Bxh3 Qxh3 38.Nxb6 Nh2
39.Nxh2 Qxg3+ 40.Kf1 Qxh2 41.Nc4 f5 42.a4 g5 43.Ne3 Qe5 44.Rd3 f4 45.Ng4 Qxb2
46.Rd5 Qb1+ 47.Kf2 Qg6 48.a5 Qh5 49.Rd7+ Kg6 50.Rd6+ Kf5 51.Nh6+ Ke5 52.Rb6
Qh2+ 53.Kf1 Qh3+ 54.Ke1 Qc3+ 55.Kf2 Qc5+ 56.Kf3 Qg1 57.Nf7+ Kd4 58.Rd6+ Kc5
59.a6 Qe3+ 60.Kg4 f3 61.a7 Qe4+ 62.Kxg5 fxe2 63.a8=Q Qxa8 64.Re6 Qd5+ 65.Re5
e1=Q {#R} 0-1

[Event "Ch Asia (juniors)"]
[Site "masterchessopen.com Chennai (India)"]
[Date "2008.12.11"]
[Round "6"]
[White "Arjun Bharat (IND)"]
[Black "Jitendria Vel S (IND)"]
[Result "1-0"]
[WhiteElo "1853"]
[BlackElo "1904"]

1.d4 Nf6 2.c4 e6 3.g3 d5 4.Nf3 Bb4+ 5.Bd2 Be7 6.Bg2 O-O 7.O-O b6 8.cxd5 exd5
9.Nc3 Re8 10.Rc1 c6 11.Bg5 h6 12.Bxf6 Bxf6 13.Re1 Bf5 14.b4 b5 15.a4 a6 16.a5
Qd6 17.Qb3 g5 18.Rcd1 Ra7 19.h3 h5 20.Ne5 Bxe5 21.dxe5 Rxe5 22.e4 Qe7 23.f4
gxf4 24.gxf4 Re6 25.Nxd5 cxd5 26.Qxd5 Bxe4 27.Rxe4 Rxe4 28.Qxe4 Qxe4 29.Bxe4
Nd7 30.Kf2 Kf8 31.Bf3 Nf6 32.Rd6 Ke7 33.Rb6 Nd7 34.Rb7 Rxb7 35.Bxb7 Nb8 36.h4
Kd6 37.Ke3 f6 38.Ke4 Kc7 39.Bd5 Kd6 40.Kd4 Kc7 41.Be4 Kd6 42.Bf3 f5 43.Bxh5
Nc6+ 44.Kc3 Ne7 45.Bf7 Nc8 46.h5 Ke7 47.Bd5 Nd6 48.Kd4 Kf6 49.Kc5 Ne4+ 50.Bxe4
fxe4 51.Kd4 Kf5 52.Ke3 {#r} 1-0

[Event "Ch Asian Cities (team)"]
[Site "masterchessopen.com Aden (Yemen)"]
[Round "3"]
[White "Villamayor Buenaventura (PHI)"]
[Black "Roghani Arash (IRI)"]
[Result "1-0"]
[WhiteElo "2487"]
[BlackElo "2316"]

1.d4 Nf6 2.c4 e6 3.Nf3 d5 4.g3 Bb4+ 5.Bd2 Be7 6.Bg2 O-O 7.Qc2 c6 8.O-O b6
9.Bf4 Ba6 10.Nbd2 Nh5 11.Rac1 Nd7 12.Rfd1 g5 13.Be3 f5 14.Qa4 Nb8 15.g4 f4
16.gxh5 fxe3 17.fxe3 b5 18.Qc2 bxc4 19.Ne5 Bd6 20.Ndf3 Nd7 21.Bh3 Kh8 22.Nxc6
Qc7 23.Nce5 Bxe5 24.Nxe5 Nxe5 25.dxe5 Qxe5 26.Qc3 Qxc3 27.bxc3 Rf6 28.e4 dxe4
29.Rd6 g4 30.Bxg4 Rg8 31.h3 Bb7 32.Rf1 Rh6 33.Rf7 Bd5 34.Kf2 Rb8 35.Rxa7 Bb7
36.Ke3 Bd5 37.a4 Rf6 38.Kd4 e3 39.Kxe3 Rbf8 40.a5 R6f7 41.Rxf7 Rxf7 42.h6 Rf8
43.Kd4 Re8 44.e4 Bb7 45.Bxe6 Ba8 46.a6 Rf8 47.a7 Bxe4 48.Rb6 Bb7 49.Bf5 Re8
50.Rxb7 {#r} 1-0

[Event "Ch Australia (major)"]
[Site "masterchessopen.com Parramatta (Australia)"]
[Date "2008.01.11"]
[Round "11"]
[White "Viswanath Ganesh (AUS)"]
[Black "Harris Ben"]
[Result "1-0"]
[WhiteElo "1969"]
[BlackElo "1943"]

1.Nf3 d5 2.d4 Nf6 3.c4 e6 4.g3 Bb4+ 5.Bd2 Be7 6.Bg2 O-O 7.O-O b6 8.b4 c6 9.a4
Ne4 10.Qb3 a5 11.b5 cxb5 12.cxb5 Nxd2 13.Nbxd2 Bb7 14.Ne5 Qd6 15.Rfc1 f6
16.Nd3 Nd7 17.e4 Rfd8 18.exd5 exd5 19.Nc4 dxc4 20.Qxc4+ Kh8 21.Bxb7 Rab8
22.Bc6 Nf8 23.d5 f5 24.Re1 Bf6 25.Ra2 g6 26.Rae2 Qa3 27.Ne5 Bxe5 28.Rxe5 Nd7
29.Re7 Nf6 30.Qd4 Rd6 31.Rf7 Qb4 32.Qa1 Kg8 33.Ree7 {#r} 1-0

[Event "Ch Austria"]
[Site "masterchessopen.com Vienna (Austria)"]
[Date "2010.07.27"]
[Round "4"]
[White "Freitag Manfred (AUT)"]
[Black "Fauland Peter (AUT)"]
[Result "1-0"]
[WhiteElo "2382"]
[BlackElo "2255"]

1.d4 Nf6 2.Nf3 d5 3.c4 e6 4.g3 Bb4+ 5.Bd2 Bxd2+ 6.Nbxd2 O-O 7.Bg2 Nbd7 8.Qc2
c6 9.O-O Re8 10.e4 Nxe4 11.Nxe4 dxe4 12.Qxe4 Qc7 13.c5 Nf6 14.Qc2 Rd8 15.Rfd1
Qe7 16.Ne5 Nd5 17.Nc4 Bd7 18.Nd6 Be8 19.Bxd5 cxd5 20.b4 Rxd6 21.cxd6 Qxd6
22.Rab1 Bb5 23.Qc5 Qd7 24.Rdc1 Bc4 25.Qa5 Qe7 26.b5 b6 27.Qd2 Qa3 28.Rb2 h6
29.Qc3 Qe7 30.a4 Qf6 31.Qe3 a6 32.bxa6 Rxa6 33.Rb4 Qf5 34.Qe5 Qf3 35.Qe3 Qf5
36.Kg2 Qg6 37.Rc3 Qh5 38.h3 Ra8 39.Qf3 Qg5 40.Rbxc4 {#r} 1-0

[Event "Ch Austria"]
[Site "masterchessopen.com Linz (Austria)"]
[Date "2011.07.23"]
[Round "1"]
[White "Diermair Andreas (AUT)"]
[Black "Matt Fabian (AUT)"]
[Result "1-0"]
[WhiteElo "2414"]
[BlackElo "2180"]

1.d4 Nf6 2.c4 e6 3.g3 d5 4.Nf3 Bb4+ 5.Bd2 Bd6 6.Nc3 c6 7.Qc2 Nbd7 8.e4 dxe4
9.Nxe4 Nxe4 10.Qxe4 O-O 11.Bd3 Nf6 12.Qh4 Re8 13.O-O-O b5 14.c5 Be7 15.Kb1 Qd5
16.Ne5 Bb7 17.Rhe1 Rad8 18.Be3 g6 19.Bg5 Kg7 20.Bc2 h5 21.Qf4 Bc8 22.f3 {#r}
1-0

[Event "Ch Austria"]
[Site "masterchessopen.com Linz (Austria)"]
[Date "2011.07.23"]
[Round "1"]
[White "Neff Gregor (AUT)"]
[Black "Frank Emanuel (AUT)"]
[Result "0-1"]
[WhiteElo "2174"]
[BlackElo "2021"]

1.d4 Nf6 2.c4 e6 3.g3 d5 4.Nf3 Bb4+ 5.Bd2 Bd6 6.Bg2 c6 7.O-O Nbd7 8.Qc2 O-O
9.Bc1 Qe7 10.Nbd2 e5 11.dxe5 Nxe5 12.Nxe5 Bxe5 13.cxd5 Nxd5 14.a3 g6 15.Nc4
Bg7 16.e4 Nb6 17.Na5 Qe5 18.Nb3 Na4 19.Rb1 Be6 20.Be3 Nxb2 21.f4 Qc3 22.Qxc3
Bxc3 23.Rfc1 Na4 24.Nc5 Nxc5 25.Bxc5 Bd2 26.Rc2 Rfd8 27.Rxb7 a5 28.Rbb2 Be1
29.Bf3 a4 30.Bb6 Rd3 31.Be2 Rxa3 32.Rxc6 Ra1 33.Kg2 a3 34.Rbc2 a2 35.g4 Rb1
36.Bd4 a1=Q 37.Bxa1 Rbxa1 38.f5 Bb3 39.Rb2 R1a2 40.Rxb3 Rxe2+ 41.Kf1 Rxe4 {#R}
0-1